000 00286nam a22001217a 4500
008 180313b xxu||||| |||| 00| 0 eng d
041 _aeng
080 _a32
100 _a21
101 _apol
245 _athe solider and the state in south america
_csilva.p
942 _2udc
_cBK
999 _c44836
_d44836